Normal view
MARC view
- Baqueró Alós, Montserrat
Entry Nombre Personal
001 - NUMERO DE CONTROL
- campo de control: 50921
003 - IDENTIFICADOR DE NUMERO DE CONTROL
- campo de control: MX-MxUPN
005 - FECHA Y HORA DE LA ÜLTIMA TRANSACCIÓN
- campo de control: 20240202115644.0
008 - DATOS DE LONGITUD FIJA
- campo de control de longitud fija: 240202nn acnnnaabn n aaa d
040 ## - FUENTE DE CATALOGACIÓN
- Agencia original de catalogación: MX-MxUPN
- Lenguaje de catalogación: spa
100 1# - ENCABEZAMIENTO - NOMBRE PERSONAL
- Nombre personal: Baqueró Alós, Montserrat
400 1# - VEÁSE - NOMBRE DE PERSONA
- Personal name: Alós, Montserrat Baqueró
670 ## - FUENTE EN LA QUE SE LOCALIZARON DATOS
- Cita de la fuente: Los proyectos interdisciplinarios, 2014 :
- Información localizada: portada (Montserrat Baqueró Alós)
902 ## - CATALOGADOR
- Catalogador: VíctorGodínez/020224
